书目信息 |
| 题名: |
你发我也发
|
|
| 作者: | 杨光 编著 | |
| 分册: | ||
| 出版信息: | 郑州 中州古籍出版社 1993.02 |
|
| 页数: | 152页 | |
| 开本: | 32开 | |
| 丛书名: | ||
| 单 册: | ||
| 中图分类: | F715.4 | |
| 科图分类: | ||
| 主题词: | 商业经济--国内 | |
| 电子资源: | ||
| ISBN: | 7-5348-1163-5 | |
| 000 | 00534nam0 2200193 45 | |
| 001 | 0006120490 | |
| 005 | 20000612043544.8 | |
| 010 | @a7-5348-1163-5@d2.80元 | |
| 100 | @a20000612d1993 km y0chiy0120 ea | |
| 101 | 0 | @achi |
| 105 | @a z 000yy | |
| 200 | 1 | @a你发我也发@ANi Fa Wo Ye Fa@f杨光编著@FYang Guang Bian Zhu |
| 210 | @a郑州@c中州古籍出版社@d1993.02 | |
| 215 | @a152页@d32开 | |
| 606 | 0 | @a商业经济@x国内 |
| 690 | @aF715.4@v3 | |
| 701 | 0 | @a杨光@4编著 |
| 801 | @aCN@bPftUser@c20000612 | |
| 905 | @b203499-500@dF715.4@eY.731@f2 | |
| 你发我也发/杨光编著.-郑州:中州古籍出版社,1993.02 |
| 152页;32开 |
| ISBN 7-5348-1163-5:2.80元 |
| ● |
| 相关链接 |
|
|
|
正题名:你发我也发
索取号:F715.4/Y.731
 
预约/预借
| 序号 | 登录号 | 条形码 | 馆藏地/架位号 | 状态 | 备注 |
| 1 | 203499 | 202034994 | 社科库409/409社科库 45排4列1层/ [索取号:F715.4/Y.731] | 在馆 | |
| 2 | 203500 | 202035001 | 社科库409/409社科库 45排6列2层/ [索取号:F715.4/Y.731] | 在馆 |